UBT Library

Transformation and reaction : (Record no. 42416)

000 -LEADER
fixed length control field 00779pam a2200253 a 4500
001 - CONTROL NUMBER
control field 635046
005 - DATE AND TIME OF LATEST TRANSACTION
control field 20180213083737.0
008 - FIXED-LENGTH DATA ELEMENTS--GENERAL INFORMATION
fixed length control field 930607s1994 nyua 001 0 eng
010 ## - LIBRARY OF CONGRESS CONTROL NUMBER
LC control number 93025508
020 ## - INTERNATIONAL STANDARD BOOK NUMBER
International Standard Book Number 0065001427
040 ## - CATALOGING SOURCE
Original cataloging agency DLC
Transcribing agency DLC
Modifying agency DLC
041 ## - LANGUAGE CODE
Language code of text/sound track or separate title eng
043 ## - GEOGRAPHIC AREA CODE
Geographic area code n-us---
080 ## - UNIVERSAL DECIMAL CLASSIFICATION NUMBER
Universal Decimal Classification number 973.91 GLE
082 00 - DEWEY DECIMAL CLASSIFICATION NUMBER
Classification number 973.91 GLE
Edition number 20
100 1# - Rafti
Rafti 22
101 ## - Shkurtesa
Shkurtesa POL
245 10 - TITLE STATEMENT
Title Transformation and reaction :
Statement of responsibility, etc Glen Jeansonne.
504 ## - BIBLIOGRAPHY, ETC. NOTE
Bibliography, etc Includes bibliographical references and index.
740 0# - ADDED ENTRY--UNCONTROLLED RELATED/ANALYTICAL TITLE
Uncontrolled related/analytical title Transformation & reaction.
906 ## - LOCAL DATA ELEMENT F, LDF (RLIN)
a 7
b cbu
c orignew
d 1
e ocip
f 19
g y-gencatlg
942 ## - ADDED ENTRY ELEMENTS (KOHA)
Source of classification or shelving scheme
Item type Books
Holdings
Withdrawn status Lost status Source of classification or shelving scheme Damaged status Not for loan Collection code Permanent location Current location Shelving location Date acquired Total Checkouts Full call number Barcode Date last seen Price effective from Koha item type
          Koleksioni i përgjithshem UBT - Lipjan UBT - Lipjan Koleksioni i përgjithshem 02/13/2018   973.91 GLE 002-2997402 02/13/2018 02/13/2018 Books
UBT Library © 2015-2024. All rights reserved University Education for Business and Technology